Estudio de la pirólisis como un proceso alternativo para el aprovechamiento de desechos sólidos
Salvato in:
| Autore principale: | |
|---|---|
| Altri autori: | |
| Natura: | Sconosciuto |
| Pubblicazione: |
[San José, Costa Rica]
1980
|
| Soggetti: | |
| Tags: |
Aggiungi Tag
Nessun Tag, puoi essere il primo ad aggiungerne!!
|
MARC
| LEADER | 00000 a2200000 4500 | ||
|---|---|---|---|
| 003 | 001143 | ||
| 005 | 20240104103041.0 | ||
| 008 | 140114s1980 c m 000 ||s d | ||
| 040 | |c cru CEDI | ||
| 090 | |a TFG 899 | ||
| 100 | |a González Solano, Nazira, 1951- |9 2078 | ||
| 245 | |a Estudio de la pirólisis como un proceso alternativo para el aprovechamiento de desechos sólidos | ||
| 260 | |a [San José, Costa Rica] |c 1980 | ||
| 300 | |a [56] hojas : ilustraciones ; 28 cm | ||
| 500 | |a Tesis (licenciatura en ingeniería química)--Universidad de Costa Rica. | ||
| 501 | |a Director de Tesis de Graduación: Ing. Ricardo Valerín Aguilar | ||
| 650 | |x PIROLISIS |x RESIDUOS SOLIDOS |x APROVECHAMIENTO DE RESIDUOS |9 16075 | ||
| 700 | |a Valerín Aguilar , Ricardo, 1941-2015 |d Director del TFG |9 2079 | ||
| 942 | |c TFG |h TFG 899 |i 001143 |6 TFG_899_001143000000000 | ||
| 999 | |c 11178 |d 11178 | ||
